000 00173nam a2200073Ia 4500
008 170617s9999 xx 000 0 und d
100 _aJain-N.C
245 0 _aComputer for Nurses
260 _bKumar Publishing
999 _c12703
_d12703